Littérature et sociéte canadiennes françaises

Spremljeno u:
Bibliografski detalji
Glavni autor: Dumont, Fernand et Charles, Jean
Format: Knjiga
Jezik:French
Izdano: Québec, Canadá Les Presses de l´Université Laval 1964
Teme:
Oznake: Dodaj oznaku
Bez oznaka, Budi prvi tko označuje ovaj zapis!

MARC

LEADER 00000nam a2200000Ia 4500
008 170316s9999 xx 000 0 fre d
040 |a cru BVZT 
090 |a 818 D-10L 
100 |a Dumont, Fernand et Charles, Jean 
245 |a Littérature et sociéte canadiennes françaises 
260 |a Québec, Canadá 
260 |b Les Presses de l´Université Laval 
260 |c 1964 
300 |a 272 páginas 
650 |a LITERATURA CANADIENSE 
999 |c 6403  |d 6403 
942 |c 15 D  |h 818 D-10L  |2 z